00834nam a2200217Ia 4500008004100000020002200041041000800063082001700071100002400088245003000112250001200142260004700154300001000201440000600211500001600217650002400233700004600257999001700303952014800320952014800468230125s9999 xx 000 0 und d a978-81-8371-255-2 aeng a658.403bSUB aSubramani K9118105 aStatistics For Management a2nd Ed. c2010bScitech Publishers Pvt. LtdaChennai a6070p v2 aStatistics; aMathematics9106897 aSubramani K & Dr. Sonali Parchure9118106 c96089d96089 00104070aHIMRbHIMRd2018-06-06eSatya Gilanig450.00o658.403 SUB DB2893pHIMR-DB-2893r2023-01-25 00:00:00v450.00w2018-06-06yDBzDB2893 00104070aHIMRbHIMRd2018-06-06eSatya Gilanig450.00o658.403 SUB DB2894pHIMR-DB-2894r2023-01-25 00:00:00v450.00w2018-06-06yDBzDB2894